| 000 | 00843nam a22002177a 4500 | ||
|---|---|---|---|
| 999 |
_c1913 _d1913 |
||
| 003 | AR-CdUCM | ||
| 008 | 190228b ||||| |||| 00| 0 spa d | ||
| 040 |
_aMUNICIPALIDAD PROVINCIAL DEL CUSCO _cBIBLIOTECA MUNICIPAL DEL CUSCO |
||
| 082 |
_a370.11 / _bB85 |
||
| 100 |
_aBruner, Jerome S. _95219 |
||
| 245 | _aHacia una teoría de la instrucción / | ||
| 260 |
_aMéxico : _bUnión tipografica hispano americana, _c1969. |
||
| 300 |
_a234 páginas ; _c17.5 cm. |
||
| 440 |
_aManuales UTEHA _96994 |
||
| 505 | _aPautas de desarrollo -- La educación como invención social -- Notas sobre una teoría de la instrucción -- El hombre: un tema de estudio -- La enseñanza de la lengua materna ... | ||
| 650 |
_aDesarrollo _92021 |
||
| 650 |
_aIntelecto _96995 |
||
| 650 |
_aEnseñanza _91616 |
||
| 942 |
_2ddc _cLIBROS |
||
| 945 |
_aafb _d2019-02-28 |
||